000 00428nam a2200157Ia 4500
008 210716s2001 xx 000 0 und d
020 _a0324037414
041 _aeng
082 _a657.0285 KLOD
100 _aKlooster, Dale H;Allen, Warren W.
245 _aIntegrated accounting for windows.
250 _a3
260 _aAustralia
_bSouth western college publishing
_c2001
300 _axiv,601
650 _aAccounting(657)
999 _c203055
_d203055